Subdivision capitals closest to Oulu (FI) - Statistics

General Stats
  • This quiz has been taken 51 times
  • The average score is 12 of 20
Answer Stats
Distance (km) Answer % Correct
2 166 Rovaniemi
90%
1 139 Kajaani
83%
12 399 Tampere
79%
20 533 Turku
79%
9 308 Jyväskylä
71%
5 259 Kuopio
67%
10 341 Joensuu
64%
13 433 Pori
64%
8 283 Vaasa
64%
4 172 Kokkola
62%
15 448 Lahti
60%
6 279 Seinäjoki
57%
17 460 Lappeenranta
52%
3 167 Luleå
50%
16 449 Hämeenlinna
48%
11 380 Mikkeli
45%
18 465 Kouvola
43%
7 282 Umeå
38%
19 511 Kotka
33%
14 454 Härnösand
5%
No matching quizzes found
Score Distribution
Percent of People with Each Score
Percentile by Number Answered
Your Score History
You have not taken this quiz